Tulasīdāsa: (Record no. 64403)

MARC details
000 -LEADER
fixed length control field 00723cam a22002291 4500
001 - CONTROL NUMBER
control field sa 65005838
003 - CONTROL NUMBER IDENTIFIER
control field DLC
005 - DATE AND TIME OF LATEST TRANSACTION
control field 20260227112139.0
008 - FIXED-LENGTH DATA ELEMENTS--GENERAL INFORMATION
fixed length control field 890731s1965 ii 000 0 hino
010 ## - LIBRARY OF CONGRESS CONTROL NUMBER
LC control number sa 65005838
035 ## - SYSTEM CONTROL NUMBER
System control number (OCoLC)20102394
040 ## - CATALOGING SOURCE
Original cataloging agency DLC
Transcribing agency WaU
Modifying agency NRU
-- DLC
042 ## - AUTHENTICATION CODE
Authentication code premarc
050 00 - LIBRARY OF CONGRESS CALL NUMBER
Classification number PK2095.T8
Item number Z827
100 1# - MAIN ENTRY--PERSONAL NAME
Personal name Śarmā, Śrīnivāsa,
Dates associated with a name 1933-
245 10 - TITLE STATEMENT
Title Tulasīdāsa:
Remainder of title jīvanī aura kāvya; Tulasīdāsa kī jīvanī aura kāvya kī sarvānġapūrṇa samīkshā.
Statement of responsibility, etc. LekhaŚrīnivāsa Śarmā.
250 ## - EDITION STATEMENT
Edition statement [1. saṃskaraṇa]
260 ## - PUBLICATION, DISTRIBUTION, ETC.
Place of publication, distribution, etc. Dillī,
Name of publisher, distributor, etc. Aśoka Prakāśana
Date of publication, distribution, etc. [1965]
300 ## - PHYSICAL DESCRIPTION
Extent viii, 256 p.
Dimensions 19 cm.
500 ## - GENERAL NOTE
General note In Hindi.
600 00 - SUBJECT ADDED ENTRY--PERSONAL NAME
Personal name Tulasīdāsa,
Dates associated with a name 1532-1623.

No items available.

Powered by Koha